000 00796nam a2200157Ia 4500
008 151213s9999 xx 000 0 und d
100 _aমেজবাদুল ইসলাম ও খন্দকার আল মাহবুব বিল্লাহ
245 _aআইনের ইতিহাস ও বাংলাদেশের ইতিহাস
_cমেজবাদুল ইসলাম ও খন্দকার আল মাহবুব বিল্লাহ
250 _a2nd
260 _aDhaka
_bসেমাং তরিকুল ইসলাম জুয়েল।
_c2006
300 _a5109 p.
650 _aLaw
650 _aLaw
700 _aমেজবাদুল ইসলাম ও খন্দকার আল মাহবুব বিল্লাহ
999 _c3154
_d3154